00410nam a2200145Ia 4500003000400000005001700004008004100021040001800062041000800080100003600088110001900124245005900143260002000202710004200222OSt20260309155355.0211028s2011 xx 000 0 und d cAIMIT LIBRARY aeng aRaghavendra; R, Kavitha.g81773 aRoshan Suaris. aDevelopment of internal tool for building video maps / aBangalorec2011 aOnline Productivity solutions Pvt Ltd